| 000 | 01252nam a2200289Ia 4500 | ||
|---|---|---|---|
| 003 | Ost | ||
| 005 | 20260416102353.0 | ||
| 008 | 260416s9999||||xx |||||||||||||| ||und|| | ||
| 040 | _cfsecg | ||
| 041 | _aara | ||
| 082 | _a330 | ||
| 100 |
_aسالمي، رشيد _eمؤلف |
||
| 245 | 0 |
_aمدخل للإقتصاد السياسي / _c رشيد سالمي |
|
| 260 |
_aالجزائر _bجامعة الجزائر3: كلية العلوم الإقتصادية، العلوم التجارية وعلوم التسيير _c2016 |
||
| 300 |
_a102 ورقة _bايضاحات _c30 سم |
||
| 504 | _aمراجع ص.101 | ||
| 520 | _aالمشكلة الاقتصادية، الانتاج، الاستهلاك، الاستثمار، النمو والتنمية الاقتصادية، البطالة، التضخم | ||
| 653 | _aالاستثمار | ||
| 653 | _aالاستهلاك | ||
| 653 | _aالاقتصاد | ||
| 653 | _aالانتاج | ||
| 653 | _aالبطالة | ||
| 653 | _aالتنمية الاقتصادية | ||
| 653 | _aالمشاكل الاقتصادية | ||
| 710 |
_aجامعة الجزائر3: كلية العلوم الإقتصادية، العلوم التجارية وعلوم التسيير _eناشر علمي |
||
| 942 | _cHANDOUT | ||
| 999 |
_c41101 _d41101 |
||